000 00926nam a2200313 a 4500
003 AR-BaBNM
005 20251128205752.0
008 082120s2002 ||||||||||||||000 | spa||
020 _a84-7043-589-2
040 _cAR-BaBNM
100 1 _aPetitclerc, Jean-Marie
245 0 0 _aEducar hoy para mañana
_balgunas pautas para poner en práctica una educación cristiana
260 _aMadrid
_bCCS
_c1990
300 _a113 p.
490 0 _aEducar hoy
_vv. 1
500 _aReferencias bibliográficas a pie de página
600 1 4 _aBosco, Juan
650 4 _aEDUCACION
650 4 _aEDUCACION CRISTIANA
650 4 _aFILOSOFIA DE LA EDUCACION
650 4 _aIGLESIA Y EDUCACION
650 4 _aEDUCACION RELIGIOSA
650 4 _aFINALIDADES DE LA EDUCACION
653 _aEVANGELIZACION
653 _aTEOLOGIA DE LA LIBERACION
700 1 _aGarcía Morales, Juan José
_etraductor
942 _cBK
998 _carturo
999 _c12743
_d12743